| 000 | 00476nam a22001697a 4500 | ||
|---|---|---|---|
| 003 | PILC | ||
| 005 | 20160106124027.0 | ||
| 008 | 160106b xxu||||| |||| 00| 0 eng d | ||
| 020 | _a9780706377453 | ||
| 050 |
_aHM 1033 _b.K65 2014 |
||
| 100 | _aKline, Nancy. | ||
| 245 |
_aTime to think : _blistening to ignite the human mind / _cNancy Kline. |
||
| 260 |
_aCassell : _bNew York, _c2014. |
||
| 300 |
_a256 pages ; _c24 cm. |
||
| 500 | _aIncludes index. | ||
| 942 |
_2lcc _cBK _kFOR |
||
| 999 |
_c289040 _d289040 |
||